000
00265nam a22001217a 4500
003
SGT
082
_a
306.4
_b
MAK
100
_a
MAKHIJA VINAY
245
_a
BIOPIRACY AND PATENTS THREATS TO TRADITIONAL KNOWLEDGE
260
_c
2015
300
_a
107
942
_2
ddc
_c
TH
999
_c
15896
_d
15896